Metody i sredstva diagnostiki nesuščej sposobnosti izdelij iz kompozitov : Problemy

Gespeichert in:
Bibliographische Detailangaben
Format: Buch
Veröffentlicht: Riga : Zinatne, 1986
Tags: Tag hinzufügen
Keine Tags, Fügen Sie das erste Tag hinzu!

MARC

LEADER 00000nam a22000003a 4500
001 stu20021
005 20141122080646.3
008 ------s1986----xxr---------------------d
040 |a STU  |b slo 
041 0
044 |a xxr 
080 |a 620.17 
245 |a Metody i sredstva diagnostiki nesuščej sposobnosti izdelij iz kompozitov :  |b Problemy 
260 |a Riga :  |b Zinatne,  |c 1986 
300 |a 288 s :  |b Obr.,tab.,grafy,lit 
996 |b C79135  |c C*79135  |l CCVIIIB  |s P  |a 0  |w stu20021_0001